000 00503nam a2200169 a 4500
005 20140412111301.0
008 001116s19uu xx 00 eng d
020 _a0-02-792371-1
050 _aTR(PS E
_bNe42 1992
100 _aWaller, Barrett
245 _aNew feet for old /
_cBarrett Wallet ; illustrated by Harvey Stevenson.
260 _aNew York :
_bFour Winds,
_c1992.
300 _a1 v. (unp.) ; col. ; ill.
650 _aFoot -- Fiction
650 _aPeddlers and peddling
999 _c103430
_d103430